Hidden Acronyms - Statistics

General Stats
  • This quiz has been taken 4 times
  • The average score is 2 of 6
Answer Stats
Hint Answer % Correct
Scuba Self-Contained Underwater Breathing Apparatus
75%
GIF Graphics Interchange Format
50%
Laser Light Amplification by Stimulated Emission of Radiation
50%
Care (package) Cooperative for Assistance and Relief Everywhere
0%
Radar RAdio Detection And Ranging
0%
Taser Thomas A Swift Electric Rifle
0%
No matching quizzes found
Score Distribution
Percent of People with Each Score
Percentile by Number Answered
Your Score History
You have not taken this quiz